| 000 | 00415nam a2200145Ia 4500 | ||
|---|---|---|---|
| 005 | 20251222151343.0 | ||
| 008 | 251222s9999||||xx |||||||||||||| ||spa|| | ||
| 020 | _a9788479789039 | ||
| 082 | _a628.168.3 O81 | ||
| 100 | _aOsorio Robles, Francisco | ||
| 245 | 0 | _aTratamiento de aguas para la eliminación de microorganismos y agentes contaminantes | |
| 250 | _a1ra.ed. | ||
| 264 | _bDíaz de Santos | ||
| 942 | _cLIB | ||
| 999 |
_c24557 _d24557 |
||